Statistics for Marvel... or DC?

Click here to take the quiz!

General Stats

  • This quiz has been taken 74 times
  • The average score is 8 of 15

Answer Stats

QuestionAnswer% Correct
Is owned by Warner Bros.Entertainment.DC
79%
Sold the most comics in 2018.Marvel
78%
Existed before the other company.DC
76%
Has produced Star Wars comics.Marvel
64%
Owns the Vertigo imprint.DC
60%
Was once known as Atlas Comics.Marvel
55%
Published the most valuable comic book ever.DC
51%
Once let their fans decide whether a character lived or died.DC
51%
Has their company headquarters in New York City.Marvel
49%
Owns the trademark to the term "super hero."Both
45%
Has a character known as Captain Marvel.Both
42%
First had a superhero film in theaters.Marvel
33%
Stopped adhering to the Comics Code in 2001.Marvel
31%
Experienced an exodus of creators in the early 1990's, who left to form Image Comics.Marvel
28%
Published comics by Stan Lee.Both
16%

Score Distribution

Percentile by Number Answered

Percent of People with Each Score

Your Score History

You have not taken this quiz